| 000 | 01012nac a22003131i 4500 | ||
|---|---|---|---|
| 003 | EG-ScBUE | ||
| 005 | 20230110095023.0 | ||
| 008 | 230110s2002 sp a f 000 0 eng d | ||
| 020 | _a9780060513573 | ||
| 020 | _a0060513578 | ||
| 035 | _a(OCoLC)ocm51986133 | ||
| 040 |
_aEG-ScBUE _beng _erda _cEG-ScBUE _dEG-ScBUE |
||
| 082 | 0 | 4 |
_a747.883 _bHOM _222 |
| 245 | 0 | 0 | _aHome. |
| 264 | 1 |
_aBarcelona, Spain : _bLoft Publications, _c2002. |
|
| 300 |
_a329 pages : _billustrations (chiefly color) ; _c25 cm. |
||
| 336 |
_2rdacontent _atext _btxt |
||
| 337 |
_2rdamedia _aunmediated _bn |
||
| 338 |
_2rdacarrier _avolume _bnc |
||
| 490 | 0 | _aGood ideas | |
| 650 | 7 |
_aArchitecture, Domestic _xDesigns and plans. _2BUEsh |
|
| 650 | 7 |
_aDwellings _xDesigns and plans. _2BUEsh |
|
| 650 | 7 |
_aArchitecture, Modern _xDesigns and plans _y20th century. _2BUEsh |
|
| 650 | 7 |
_aInterior architecture _xDesigns and plans. _2BUEsh |
|
| 650 | 7 |
_aInterior decoration. _2BUEsh |
|
| 653 | _bART | ||
| 655 | _vReading book | ||
| 942 |
_cBB _2ddc |
||
| 999 |
_c3118 _d3118 |
||